Cartilla de Seguridad Social y Pensiones / (Registro nro. 30885)

Detalles MARC
000 -LEADER
fixed length control field 01106nam a2200265Ia 4500
003 - CONTROL NUMBER IDENTIFIER
control field CO-CtgCURN
005 - DATE AND TIME OF LATEST TRANSACTION
control field 20250421183504.0
008 - FIXED-LENGTH DATA ELEMENTS--GENERAL INFORMATION
fixed length control field 190723s2016 xx 000 0 und d
020 ## - INTERNATIONAL STANDARD BOOK NUMBER
International Standard Book Number 9789587673333
040 ## - CATALOGING SOURCE
Original cataloging agency CO-CtgCURN
Language of cataloging spa
Transcribing agency coctgcurn
082 ## - DEWEY DECIMAL CLASSIFICATION NUMBER
Classification number 344.02
Item number C327
110 ## - MAIN ENTRY--CORPORATE NAME
Corporate name or jurisdiction name as entry element Legis
9 (RLIN) 7881
245 #0 - TITLE STATEMENT
Title Cartilla de Seguridad Social y Pensiones /
Statement of responsibility, etc. Legis
260 ## - PUBLICATION, DISTRIBUTION, ETC.
Place of publication, distribution, etc. Bogotá, Colombia :
Name of publisher, distributor, etc. Leyer,
Date of publication, distribution, etc. 2016
300 ## - PHYSICAL DESCRIPTION
Extent 261 páginas ;
Dimensions 27 centímetros
504 ## - BIBLIOGRAPHY, ETC. NOTE
Bibliography, etc. note Incluye referencias bibliográficas
505 ## - FORMATTED CONTENTS NOTE
Formatted contents note Sistema de seguridad social integral -- Sistemas general de pensiones -- Sistemas de seguridad social en salud -- Sistema general de riesgos laborales -- Cuadros comparativos y datos basicos -- Sentencias relevantes en seguridad social
521 ## - TARGET AUDIENCE NOTE
Target audience note AREA PROFESIONAL
590 ## - LOCAL NOTE (RLIN)
Local note Consultorio Jurídico BRQ
590 ## - LOCAL NOTE (RLIN)
Local note Programa de Derecho_18
650 ## - SUBJECT ADDED ENTRY--TOPICAL TERM
Topical term or geographic name entry element Derecho laboral
Geographic subdivision Colombia
9 (RLIN) 7882
650 ## - SUBJECT ADDED ENTRY--TOPICAL TERM
Topical term or geographic name entry element Seguridad social
Geographic subdivision Colombia
9 (RLIN) 7883
942 ## - ADDED ENTRY ELEMENTS (KOHA)
Koha item type Institucional
Classification part 344.02
Item part C327
Source of classification or shelving scheme Dewey Decimal Classification
Suppress in OPAC No
Existencias
Withdrawn status Lost status Source of classification or shelving scheme Damaged status Not for loan Collection Home library Current library Shelving location Date acquired Inventory number Total checkouts Full call number Barcode Date last seen Copy number Price effective from Koha item type
    Dewey Decimal Classification     Institucional Miguel Henríquez Castañeda Barranquilla Miguel Henríquez Castañeda Barranquilla Institucional 05/23/2018 04258   344.02 C327 04258 07/23/2019 ej.1 07/23/2019 Institucional